<?xml version="1.0" encoding="UTF-8"?>
<record
    xmlns:xsi="http://www.w3.org/2001/XMLSchema-instance"
    xsi:schemaLocation="http://www.loc.gov/MARC21/slim http://www.loc.gov/standards/marcxml/schema/MARC21slim.xsd"
    xmlns="http://www.loc.gov/MARC21/slim">

  <leader>01244nam a2200325 i 4500</leader>
  <controlfield tag="001">192113</controlfield>
  <controlfield tag="003">SpMaBN</controlfield>
  <controlfield tag="005">20240130205320.0</controlfield>
  <controlfield tag="008">221104s2019    sp a   | |||| 000 0 spa</controlfield>
  <datafield tag="017" ind1=" " ind2=" ">
    <subfield code="a">GU 69-2019 </subfield>
    <subfield code="b">Oficina Dep&#xF3;sito Legal Guadalajara</subfield>
  </datafield>
  <datafield tag="020" ind1=" " ind2=" ">
    <subfield code="a">978-84-92502-78-3</subfield>
  </datafield>
  <datafield tag="040" ind1=" " ind2=" ">
    <subfield code="c">SpMaBN</subfield>
  </datafield>
  <datafield tag="080" ind1=" " ind2=" ">
    <subfield code="a">726:27-523.41(460.281 Sig&#xFC;enza)</subfield>
  </datafield>
  <datafield tag="080" ind1=" " ind2=" ">
    <subfield code="a">726.6(460.281 Sig&#xFC;enza)</subfield>
  </datafield>
  <datafield tag="100" ind1="1" ind2=" ">
    <subfield code="a">Juste Ballesta, Jos&#xE9;.</subfield>
    <subfield code="9">175725</subfield>
    <subfield code="e">aut</subfield>
  </datafield>
  <datafield tag="245" ind1="1" ind2="3">
    <subfield code="a">La catedral de Sig&#xFC;enza : </subfield>
    <subfield code="b">entre la permanencia y el cambio : un estudio de su proceso evolutivo / </subfield>
    <subfield code="c">Jos&#xE9; Juste Ballesta.</subfield>
  </datafield>
  <datafield tag="264" ind1=" " ind2="1">
    <subfield code="a">[Guadalajara : </subfield>
    <subfield code="b">J. Juste Ballesta, </subfield>
    <subfield code="c">2019]</subfield>
  </datafield>
  <datafield tag="300" ind1=" " ind2=" ">
    <subfield code="a">548 p&#xE1;ginas : </subfield>
    <subfield code="b">ilustraciones (color), planos ; </subfield>
    <subfield code="c">22 x 24 cm</subfield>
  </datafield>
  <datafield tag="500" ind1=" " ind2=" ">
    <subfield code="a">&#xCD;ndices</subfield>
  </datafield>
  <datafield tag="500" ind1=" " ind2=" ">
    <subfield code="a">Glosario</subfield>
  </datafield>
  <datafield tag="500" ind1=" " ind2=" ">
    <subfield code="a">En contracub.: Diputaci&#xF3;n de Guadalajara</subfield>
  </datafield>
  <datafield tag="504" ind1=" " ind2=" ">
    <subfield code="a">Bibliograf&#xED;a: p&#xE1;ginas 529-536</subfield>
  </datafield>
  <datafield tag="610" ind1="2" ind2="4">
    <subfield code="a">Catedral de Sig&#xFC;enza.</subfield>
    <subfield code="9">2528</subfield>
  </datafield>
  <datafield tag="651" ind1=" " ind2="4">
    <subfield code="a">Sig&#xFC;enza-</subfield>
    <subfield code="x">Edificios, estructuras, etc.</subfield>
    <subfield code="9">165854</subfield>
  </datafield>
  <datafield tag="852" ind1="4" ind2=" ">
    <subfield code="a">ES-MaACL</subfield>
    <subfield code="j">N-8058   </subfield>
    <subfield code="9">199395</subfield>
    <subfield code="b">R. 153178</subfield>
    <subfield code="c">DEPOJ</subfield>
    <subfield code="h">Donaci&#xF3;n: Jos&#xE9; Juste Ballesta</subfield>
  </datafield>
  <datafield tag="903" ind1=" " ind2=" ">
    <subfield code="9">175725</subfield>
    <subfield code="a">Juste Ballesta, Jos&#xE9;</subfield>
    <subfield code="e">dnr</subfield>
  </datafield>
  <datafield tag="942" ind1=" " ind2=" ">
    <subfield code="c">MONOGRAFIA</subfield>
    <subfield code="n">0</subfield>
  </datafield>
  <datafield tag="999" ind1=" " ind2=" ">
    <subfield code="c">192113</subfield>
    <subfield code="d">192113</subfield>
  </datafield>
  <datafield tag="952" ind1=" " ind2=" ">
    <subfield code="0">0</subfield>
    <subfield code="1">0</subfield>
    <subfield code="2">udc</subfield>
    <subfield code="4">0</subfield>
    <subfield code="7">0</subfield>
    <subfield code="a">ATENEOM</subfield>
    <subfield code="b">ATENEOM</subfield>
    <subfield code="c">DEPOJ</subfield>
    <subfield code="d">2022-11-04</subfield>
    <subfield code="e">DONACION</subfield>
    <subfield code="l">0</subfield>
    <subfield code="o">N-8058</subfield>
    <subfield code="p">101206501</subfield>
    <subfield code="r">2023-02-23 00:00:00</subfield>
    <subfield code="y">MONOGRAFIA</subfield>
  </datafield>
</record>
